| 000 | 00497nam a2200169Ia 4500 | ||
|---|---|---|---|
| 008 | 110201s9999 xx 000 0 und d | ||
| 082 |
_bB2718 _aS 375 |
||
| 100 | _aजोग ब. ना. | ||
| 245 | _aटिपू सुलमान | ||
| 260 | _bआदित्य प्रकाशन | ||
| 365 | _b39 | ||
| 600 | _aजोग ब. ना. | ||
| 630 | _aटिपू सुलमान | ||
| 700 | _aजोग ब. ना. | ||
| 730 | _aटिपू सुलमान | ||
| 942 | _cBOOK | ||
| 999 |
_c829571 _d829568 |
||